Virsien nimiä - Statistics

Yleistilastot
  • Tätä visaa on pelattu 33 kertaa
  • Keskiarvotulos 9 / 25
Vastaustilastot
Hint Vastaus % Oikein
Hoosianna, Daavidin poika... Virsi 1
100%
Tiellä ken vaeltaa, ken aasilla ratsastaa... Virsi 15
71%
Enkeli taivaan lausui näin... Virsi 21
64%
Maa on niin kaunis, kirkas Luojan taivas... Virsi 30
61%
On ruusu Iisain juuren... Virsi 23
50%
Herra, kädelläsi asua mä saan... Virsi 517
46%
Kuule, Isä taivaan, pyyntö tää... Virsi 501
43%
Taivaan Isä suojan antaa, hän on isä jokaisen... Virsi 503
43%
Jo joutui armas aika, ja suvi suloinen... (Suvivirsi) Virsi 571
43%
Jumala loi auringon, kuun ja järvet ja puut... Virsi 135
39%
Jumalan kämmenellä ei pelkää lintunen... Virsi 499
36%
Lensi maahan enkeli, joutuisampi tuulta... Virsi 88
36%
Pilvimuurista valo välähtää... Virsi 104
32%
Maan korvessa kulkevi lapsosen tie... (Suojelusenkeli) Virsi 971
29%
Kosketa minua, Henki, kosketa kirkkaus... Virsi 125
25%
Maksettu on velkani mun... (Riihikirkkohymni) Virsi 960
25%
Pyhä, pyhä pyhä! Suuri Jumalamme... Virsi 134
18%
Nousta sain aamuun... (Morning has broken) Virsi 967
18%
Sinun edessäsi painamme päämme... (Tahtosi tiellä) Virsi 930
14%
Joskus sisimpäämme kasvaa ilon kukkamaa... (Rukous on silta) Virsi 931
14%
Te autuaat, te murheelliset maan... Virsi 978
14%
Onko suurempaa ihmettä kuin minkä teki hän... Virsi 907
11%
Oi saavu jo, Immanuel... Virsi 933
11%
Vehnänjyvä nukkuu alla paksun jään... Virsi 941
11%
En voi nähdä tuulta, mutta kuulen sen... Virsi 946
11%
Ehtoja vastaavia visoja ei löytynyt
Tulosjakauma
Jokaisen tuloksen saaneiden osuus
Persentiili vastausten määrän mukaan
Tuloshistoriasi
Et ole pelannut tätä visaa